Ιστορία των ανθρώπων : Κώστας Μίσσιος : ελάχιστο αντίδωρο

Αποθηκεύτηκε σε:
Λεπτομέρειες βιβλιογραφικής εγγραφής
Κύριος συγγραφέας: Μιχαηλάρης, Παναγιώτης Δ., 1948-
Μορφή: Βιβλίο
Γλώσσα:Greek
Δημοσίευση: Μυτιλήνη : Έμπρος, 2017.
Θέματα:
Ετικέτες: Προσθήκη ετικέτας
Δεν υπάρχουν, Καταχωρήστε ετικέτα πρώτοι!

MARC

LEADER 00000nam a2200000 a 4500
001 1/126454
008 230426s2017####gr o ||| |||| ||gre||
040 |a GR-MyUa  |b gre  |c GR-MyUa  |e AACR2 
041 0 |a gre 
082 7 |a 889.092   |2 (23) 
100 1 |a Μιχαηλάρης, Παναγιώτης Δ.,  |d 1948- 
245 1 0 |a Ιστορία των ανθρώπων :   |b Κώστας Μίσσιος : ελάχιστο αντίδωρο /   |c Παναγιώτης Δ. Μιχαηλάρης.  
260 |a Μυτιλήνη :   |b Έμπρος,   |c 2017.  
300 |a [26 σ.] :   |b φωτ. ;   |c 21 εκ.  
600 1 0 |a Μίσσιος, Κώστας Γ.,   |d 1938-2023. 
651 0 |a Lesbos (Greece : Municipality)  |x Intellectual life. 
852 |a INST  |b LESVOS  |e 20230426  |h 889.092 ΜΙΧ  |p 005100064730  |q 005100064730  |t BK  |y 0 
970 |a Καμάτσου  |b Δέσποινα  |z 26-04-2023